000 01047cam a22002894a 4500
001 2890
005 20260223103548.0
020 _a9780545579575
040 _aDLC
_cDLC
_beng
050 0 0 _aTR729.W54
_b2010
082 0 0 _a779.32096
100 1 _aHaas, Robert B.
245 1 0 _aI dreamed of flying like a bird :
_bmy adventures photographing wild animals from a helicopter /
_cby Robert B. Haas.
250 _aFirst published in 2010
260 _aNew York :
_bScholastic ,
_c2010
300 _a64 pages :
_bcolor illustrations ;
_c20 cm.
505 _aZ
520 _aRobert Haas, a photographer with National Geographic, presents his photographs of animals from around the world, which he shot from the air.
521 _a1190
_bLexile
521 _aZ
_bRaz-Plus
650 0 _aWildlife photography
_zAfrica.
650 0 _aAerial photography
_zAfrica.
650 0 _aWildlife photographers
_zAfrica.
650 0 _aAnimals
_zAfrica
_vPictorial works.
906 _a7
_bcbc
_corignew
_d1
_eecip
_f20
_gy-gencatlg
942 _2ddc
_cBK
_n0
999 _c2890
_d2890